Tengwar Letters - Statistics

General Stats
  • This quiz has been taken 15 times
  • The average score is 18 of 38
Answer Stats
Picture Answer % Correct
parma
73%
tinco
73%
anna
64%
calma
64%
hwesta
64%
óre
64%
ando
55%
lambe
55%
malta
55%
noldo
55%
númen
55%
quesse
55%
rómen
55%
yanta
55%
aha
45%
alda
45%
ampa
45%
esse
45%
formen
45%
hyarmen
45%
silme
45%
súle
45%
umbar
45%
ungwe
45%
úre
45%
vala
45%
anga
36%
anto
36%
arda
36%
esse nuquerna
36%
nwalme
36%
silme nuquerna
36%
wilya
36%
anca
27%
ára
27%
hwesta sindarinwa
27%
telco
27%
unque
27%
No matching quizzes found
Score Distribution
Percent of People with Each Score
Percentile by Number Answered
Your Score History
You have not taken this quiz